| 000 | 01019cam a2200301 a 4500 | ||
|---|---|---|---|
| 001 | SSB046990 | ||
| 003 | SISC | ||
| 005 | 20170117143835.0 | ||
| 008 | 091221s2011 njuab b 000 0 eng | ||
| 010 | _a2009052036 | ||
| 020 | _a9780273767480 | ||
| 020 | _a9789814604840 | ||
| 035 | _a(OCoLC)ocn457156245 | ||
| 040 |
_aDLC _cDLC _dYDX _dYDXCP _dBWX _dDLC |
||
| 050 | 0 | 0 |
_aHD 30.28 _b.D28 2014 |
| 100 | 1 | _aDavid, Fred R. | |
| 245 | 1 | 0 |
_aStrategic management concepts and cases : _ba competitive advantage approach / _cFred R. David. |
| 246 | 1 | 0 |
_aStrategic management : _bconcepts and cases. |
| 250 |
_a14th edition. _bglobal ed. |
||
| 260 |
_aSingapore : _bPearson, _c2014. |
||
| 300 |
_a267 pages : _billustrations (some color), map ; _c27 cm. |
||
| 500 | _aCover title : Strategic management : concepts and cases. | ||
| 504 | _aIncludes bibliographical references. | ||
| 521 | _aBusiness Administration | ||
| 650 | 0 | _aStrategic planning. | |
| 650 | 0 |
_aStrategic planning _vCase studies. |
|
| 942 |
_2lcc _cBK |
||
| 999 |
_c283712 _d283712 |
||